<?xml version="1.0" encoding="UTF-8"?>
<collection xmlns="http://www.loc.gov/MARC21/slim">
 <record>
  <leader>00785nam a22001695a 4500</leader>
  <controlfield tag="001">EEA.libagro010945</controlfield>
  <controlfield tag="008">180306s2017####ag#a##########000#0#spa#d</controlfield>
  <controlfield tag="005">20220802105354.0</controlfield>
  <datafield tag="245" ind1="1" ind2="0">
   <subfield code="a">Efecto del fuego accidental sobre la producción y calidad forrajera de gramíneas perennes nativas en el sur del caldenal /</subfield>
   <subfield code="c">María Sol Villaverde.</subfield>
  </datafield>
  <datafield tag="260" ind1=" " ind2=" ">
   <subfield code="a">Bahía Blanca,</subfield>
   <subfield code="c">2017.</subfield>
  </datafield>
  <datafield tag="300" ind1=" " ind2=" ">
   <subfield code="a">36 h. :</subfield>
   <subfield code="b">il. col., fot. col. ;</subfield>
   <subfield code="c">30 cm.</subfield>
  </datafield>
  <datafield tag="500" ind1=" " ind2=" ">
   <subfield code="a">Trabajo de intensificación (Ingeniero Agrónomo) -- Universidad Nacional del Sur. Departamento de Agronomía, 2017.</subfield>
  </datafield>
  <datafield tag="100" ind1="1" ind2=" ">
   <subfield code="a">Villaverde, María Sol.</subfield>
  </datafield>
  <datafield tag="700" ind1="1" ind2=" ">
   <subfield code="a">Blazquez, Francisco Rubén,</subfield>
   <subfield code="e">tutor.</subfield>
  </datafield>
  <datafield tag="710" ind1="2" ind2=" ">
   <subfield code="a">Universidad Nacional del Sur.</subfield>
   <subfield code="b">Departamento de Agronomía.</subfield>
  </datafield>
  <datafield tag="082" ind1="0" ind2="4">
   <subfield code="a">333.74</subfield>
  </datafield>
  <datafield tag="859" ind1=" " ind2=" ">
   <subfield code="a">AR-BbBCA</subfield>
   <subfield code="b">BIB. AGRONOMIA</subfield>
   <subfield code="h">333.74</subfield>
   <subfield code="i">V727</subfield>
   <subfield code="p">2018/6875</subfield>
  </datafield>
 </record>
</collection>
